| 000 | 00667nam a2200217 u 4500 | ||
|---|---|---|---|
| 005 | 20220603063742.0 | ||
| 008 | 160418s2014 mx r 000 0 spa d | ||
| 020 | _a9786077514961 | ||
| 035 | _aUPN01000209595 | ||
| 049 | _aI | ||
| 050 | 4 |
_aPZ74.9 _bE7.6 |
|
| 100 | 1 |
_aEspín Valencia, Yulia _939050 |
|
| 245 | 1 | 0 |
_aPaco pierde el paso / _cYulia Espín Valencia ; il. Enrique Torralba. |
| 260 |
_aMéxico : _bCONAPRED : _bSEGOB. _c2014. |
||
| 300 |
_a38 p. : _bil. col. |
||
| 440 | 0 |
_aKipatla. _pPara tratarnos igual |
|
| 650 | 4 |
_aCuentos infantiles _96744 |
|
| 650 | 4 |
_aDISCRIMINACION RACIAL - _vLITERATURA INFANTIL _98838 |
|
| 905 | _aInfantil | ||
| 999 |
_c181696 _d181696 |
||